| 000 | 00573nam a2200181Ia 4500 | ||
|---|---|---|---|
| 008 | 100917s9999 xx 000 0 und d | ||
| 082 | _b27559 | ||
| 100 | _aशेकटकर मु. रं. | ||
| 245 | _aवायरमन (तारतंत्री) | ||
| 260 |
_bउद्यम प्रकाशन _c1970 |
||
| 300 | _a164 | ||
| 365 | _b6.5 | ||
| 520 | _aसृ. प. वि. | ||
| 630 | _aवायरमन (तारतंत्री) | ||
| 650 | _aसृ. प. वि. | ||
| 730 | _aवायरमन (तारतंत्री) | ||
| 942 | _cBOOK | ||
| 999 |
_c632953 _d632950 |
||